=LDR 00000nam 2200000 4500 =001 NUTBA000000000004615 =005 20210607103917 =035 ##$$a 0010-091400000000648 =008 210607###########################0###### =040 ##$$a NBPDMAT =082 ##$$a 540.76 =084 ##$$a 540.76 Sri s =100 ##$$a Sri Wulandari =245 1#$$a Strategi Sukses Ujian Nasional kimia Untuk SMA/MA /$c Sri Wulandari; editor, Setyo Gunawan =260 ##$$a Karang Anyar :$b Pratama Mitra Aksara,$c (s.a) =300 ##$$a 80 hlm. : $b ilus. ; $c 26 cm. =650 #4$$a Kimia-SMA-soal,dsb =990 ##$$a 0001/BPAP-NTB/20142014